MDQL
is popping MORE tags! Check the
thread
!
Quizzes
Events
Quiz Creation
Community
Videos
Private Events
Remove Ads
Sign In
Join for FREE
Feedback
Dark Mode
Quiz Categories
Sports
Geography
Music
Movies
Television
Just For Fun
Miscellaneous
History
Literature
Language
Science
Gaming
Entertainment
Religion
Holiday
For Kids
Quiz Lab
Recent
Popular Today
Quiz Kudos Today
Editor Picks
Curator Picks
Quizzes by...
Day
Popularity
Type
Ratings
Length
Year
Community
Subscriptions
Recent Discussions
Orange Saloon
Badges
Playlists
Quests
Create
Leaderboards
Showdown
Live 5
Trivia Bingo
Activity
Puzzle Library
Sporcle Events
Private Events
Virtual Trivia
Globe League
Become a Host
Pub Owners
SporcleCon
Opinionation
Our Games
Videos
Blog
Mobile Apps
Partnerships
Remove Ads and Go Orange
Feedback
Entertainment
Celebrity
Famous
Musical
Broadway
Show
Quote
Comic Books
Anime
Superhero
DC Comics
Marvel
Cartoons
Animation
Entertainment
Celebrity
Famous
Musical
Broadway
Show
Quote
Comic Books
Anime
Superhero
DC Comics
Marvel
Cartoons
Animation
Random Quiz
Search Sporcle
×
Quiz Lab
Quiz Lab
Entertainment
TV Show
Type in answers that appear in a list
Type in answers that appear in a list
Classic
Best Score? Go Orange.
Name the anime based on hint Stats
Can you name the Name the anime based on the given hints?
By
river24
15m
43 Questions
1,564 Plays
1,564 Plays
1,564 Plays
Comments
Comments
Give Quiz Kudos
Give Quiz Kudos
-
- Ratings
hide this ad
Replay
Link that replays current quiz
Next Quiz
Link to next quiz in quiz playlist
You Got
0%
They Got
Avg Score
45%
Avg Friend Score
Upgrade to see
Score Distribution
Jump to the score distribution portion of the page
Score
0/43
Timer
15:00
0
Plays Today
Hint
Anime Title
% Correct
Number one hyper active knuckle head ninja
Naruto
96.2%
'I'm going to be king of the pirates'
One piece
91.7%
Kamehameha
Dragon ball z
81.1%
Do shinigami like apples?
Death note
81.1%
Water, earth, fire, air
Avatar
79.5%
Behind the walls is where humanity rests
Attack on titan
77.7%
The show that never ends, yet he's still 10
Pokémon
77.5%
Video game where you can't escape
Sword art online
76%
Soul reapers
Bleach
74.8%
They 'sold' parts of their body in exchange for a homunculus
Full metal alchemist
72.4%
People are weapons
Soul eater
70.3%
Dragon slayers and alternate worlds are all here
Fairy tail
70.1%
Swimming
Free!!
69.6%
' I Lelouch Vi Britania command you...'
Code geass
69%
Duel!
Yu gi oh
60.2%
Three years after the original when pervy sage took him away
Naruto Shippuden
59.1%
Her parents turned into pigs
Spirited away
55.8%
I'm simply one hell of a...
Black butler
53.6%
There are unknown gods who'll do anything for that 5 yen
Noragami
48.4%
Ones the teacher the other the student at cram school
Blue Exorcist
47.3%
Girl falls down a well and takes her to another era
Inuyasha
44.1%
Theres sure to be someone here who suits your taste
Ouran high school host club
41.8%
Hint
Anime Title
% Correct
People are all some how linked together thanks to one person who likes playing with humans
Durarara
40.5%
Bad @$$ baby wielding thug
Beelzebub
35.2%
The doves are everywhere is it even safe?
Tokyo ghoul
33.6%
Strange family gets stumbled upon by a girl living in the woods
Fruits basket
33.3%
Night school is apparently only for hot people
Vampire knight
33.3%
Delinquent dies and is brought back
Yu yu hakusho
30.4%
Unlikely friends end up at a bus stop in the rain together
My neighbor Totoro
30%
Clumsy kid is in training to be a mobster
Reborn
25.8%
Keep your hue clear
Psycho pass
22.1%
The waste is a dangerous place where witches and wizards live
Howls moving castle
18%
Branch of sin
Deadman Wonderland
17.9%
The hero is reverted into child form and must travel around with their grand daughter
Dragon ball gt
16.9%
The main character only knows military stuff really
Full metal panic
16.4%
After having his memories rewritten he goes back to a normal life until he comes in contact with someone from his past
Code geass r2
14.8%
From a fire family but he has the power of the wind
Kaze no stigma
13.6%
Wolf girl wants to show the humans that they're wrong
Princess mononoke
13.2%
Little children fighting each other with people as their masters
Zatch bell
11.2%
A video game when some people are actually dying but they're not trapped
Gun gatling
10.5%
Innocence is a virtue
D gray man
10.4%
Shotaro you're going down
Skip beat
6.5%
On his birthday he developed a family secret multiple personalities
DN angel
5.6%
Quiz Playlist
Details
Report
Send in Message
Add To Playlist
Classic:
Type in answers that appear in a list
Last Updated: Feb 16, 2017
Quiz Scoreboard
CHALLENGE
Sign Up to Join the Scoreboard
Show All
Scores
Hide
Comments
May contain spoilers
Recently Published
Two Season TV Shows II
by 123Four
Television
10m
Image Sorting: Flags VI
by Barbecue
Geography
2m
Find the 'City' Movie
by crazypaving
Movies
60s
More to Explore
Quiz From the Vault
Featured Blog Post
14 Easter Pick-up Lines to Find Eggs With
hide this ad
You Might Also Like...
Tags
Animation Quiz
Anime Quiz
TV Show Quiz
Bleach Anime
Fruits Basket
Naruto
One Piece
ouran
Today's Top Quizzes in Entertainment
Browse Entertainment
hide this ad
Today's Top Quizzes in TV Show
Browse TV Show
Top Contributed Quizzes in Entertainment
1
Marvel Classic Character Map
2
Dragon Ball Z: Goku's Fights in Order
3
Movie-Themed Roller Coasters
4
Marvel Characters Bunker
5
Who stole Onew's chicken? (KPOP LOGIC QUIZ)
6
Sorting Pictures: Villains
7
JoJo's Bizarre Logic Quiz
8
Harry Styles-Are you no.1 fan
9
Celebrity Spelling Bee
10
This is Your Life: Edward Elric
Explore More
Trending Topics
Kpop
NBA
Marvel
Disney
Harry Potter
Crossword
Anime
The Office
Puzzle
WWE
NFL
Pokémon
Song
Country
Soccer
hide this ad
More By:
river24
Quiz
Plays
Rating
Category
Featured
Created
Name the anime based on hint
1,564
3.00
Entertainment
Mar 5, 2015
Go to Creator's Profile
Score Distribution
Quiz Creator Spotlight
river24
Follow
Send a Message
Quizzes Created
-
Created Quiz Play Count
-
More By This Creator
Popular Quizzes Today
1
Find the US States - No Outlines Minefield
2
Colored Red Africa Blitz
3
Find the 'City' Movie
4
5x2 Blitz: Bands
5
The Countries of the World
6
Find the Countries of Europe - No Outlines Minefield
7
Find the US States
8
US States
More Entertainment Quizzes
Sung Titles: Wicked
Curator's Pick
Trending Quizzes
Colored Red Europe Blitz I
Colored Red Africa Blitz II
Colored Red Europe Blitz II
Colored Red Europe Blitz III
Colored Red Africa Blitz III
Recently Updated
How Do You Spell That?
pecheneg
Godzilla Movies
pecheneg
Grab Bag: 4-10 Letters
pecheneg
2024 March Madness Bracket
pecheneg
Famous TV Couples
Peacemaker
Champions League XIs: Real Madrid
pecheneg
Largest US Cities 1790-2010
pecheneg
Rides in Walt Disney World
pecheneg
Most Oscar Losses (Acting)
pecheneg
Beyoncé Albums
pecheneg
Trending Topics
Kpop
Harry Potter
Marvel
Anime
NBA
Crossword
Disney
The Office
WWE
Puzzle
Soccer
Pokémon
Song
NFL
Country
Your Account Isn't Verified!
In order to create a playlist on Sporcle, you need to verify the email address you used during registration. Go to your
Sporcle Settings
to finish the process.
Report this User
Report this user for behavior that violates our
Community Guidelines
.
Details:
Send Report
Go to the Sporcle.com Mobile Site →
Comments